[Event "PRVA LIGA CENTRALNE SRBIJE 2014"]
[Site "Kraljevo"]
[Date "2014.09.18"]
[Round "8.6"]
[White "Maksimovic, Branimir"]
[Black "Stojanovic, Dobrisav"]
[Result "0-1"]
[WhiteElo "2384"]
[BlackElo "2367"]
[PlyCount "76"]
[EventDate "2014.09.13"]

1. d4 d5 2. c4 c6 3. Nc3 Nf6 4. e3 e6 5. Nf3 Nbd7 6. Qc2 Bd6 7. b3 a6 8. Bd3 e5
9. cxd5 cxd5 10. dxe5 Nxe5 11. Bb2 Bg4 12. Be2 Rc8 13. h3 Nxf3+ 14. Bxf3 Bxf3
15. gxf3 Be5 16. Qd2 O-O 17. Ne2 Re8 18. Bxe5 Rxe5 19. Nd4 Qd7 20. Ke2 Nh5 21.
Kf1 g6 22. Rc1 Ng7 23. Rxc8+ Qxc8 24. Ke2 Rh5 25. Rc1 Qxh3 26. Rc7 Re5 27. Rxb7
Nh5 28. Rb8+ Kg7 29. Qc3 Kh6 30. Qc7 Qh2 31. Kd1 Qg1+ 32. Kc2 Qxf2+ 33. Kb1
Rxe3 34. Nc2 Rxf3 35. Kb2 d4 36. Ka3 Rc3 37. Qd6 Rxc2 38. Qf8+ Ng7 0-1

[Event "PRVA LIGA CENTRALNE SRBIJE 2014"]
[Site "Kraljevo"]
[Date "2014.09.18"]
[Round "8.6"]
[White "Bojkovic, Slobodan"]
[Black "Ilic, Dragan M"]
[Result "1/2-1/2"]
[WhiteElo "2216"]
[BlackElo "2365"]
[PlyCount "27"]
[EventDate "2014.09.13"]

1. e4 e6 2. d4 d5 3. Nc3 Bb4 4. exd5 exd5 5. Bd3 Ne7 6. Qf3 Nbc6 7. Nge2 Be6 8.
a3 Bxc3+ 9. bxc3 Qd7 10. O-O O-O-O 11. Nf4 Bf5 12. Bxf5 Qxf5 13. Qd3 h5 14. h4
1/2-1/2

[Event "PRVA LIGA CENTRALNE SRBIJE 2014"]
[Site "Kraljevo"]
[Date "2014.09.18"]
[Round "8.6"]
[White "Peric, Slavisa"]
[Black "Necevski, Aleksandar"]
[Result "1/2-1/2"]
[WhiteElo "2180"]
[BlackElo "2270"]
[PlyCount "32"]
[EventDate "2014.09.13"]

1. d4 d5 2. Nf3 Nf6 3. c4 c6 4. Nbd2 Bf5 5. Nh4 Bg6 6. Qb3 Qc7 7. g3 e6 8. Bg2
Nbd7 9. O-O Be7 10. Nxg6 hxg6 11. e4 dxe4 12. Nxe4 Nxe4 13. Bxe4 O-O 14. Be3
Rfe8 15. Bg2 Rab8 16. Rfd1 Bd6 1/2-1/2

[Event "PRVA LIGA CENTRALNE SRBIJE 2014"]
[Site "Kraljevo"]
[Date "2014.09.18"]
[Round "8.6"]
[White "Perunovic, Ljubivoje"]
[Black "Zivkovic, Vladislav"]
[Result "0-1"]
[WhiteElo "1915"]
[BlackElo "2201"]
[PlyCount "106"]
[EventDate "2014.09.13"]

1. d4 d5 2. Nf3 e6 3. e3 c5 4. c3 Nc6 5. Nbd2 Nf6 6. Bd3 Bd6 7. O-O O-O 8. dxc5
Bxc5 9. e4 Qc7 10. Qe2 dxe4 11. Nxe4 Be7 12. Bg5 Nd5 13. Bxe7 Nf4 14. Qe3 Nxe7
15. Bc2 Nf5 16. Qe1 Bd7 17. g3 Ng6 18. Rd1 Rfd8 19. Nd4 Nxd4 20. Rxd4 Bb5 21.
Rxd8+ Rxd8 22. h3 Bxf1 23. Kxf1 Qc6 24. b3 Qa6+ 25. c4 Qxa2 26. Qc3 Qa3 27. Ke2
Qc1 28. h4 h5 29. f4 Qa3 30. Ng5 Ne7 31. Qf3 g6 32. Qxb7 Qd6 33. Ne4 Qa3 34.
Qc7 Rc8 35. Qe5 Nc6 36. Nf6+ Kf8 37. Nh7+ Ke8 38. Nf6+ Ke7 39. Nd5+ Kd7 40.
Nf6+ Kd8 41. Qc3 Qd6 42. Ke3 Qc5+ 43. Kd2 Qd4+ 44. Qxd4+ Nxd4 45. Bd1 Nf5 46.
Ne4 Ke7 47. Kc3 Nd6 48. Nf2 a5 49. Bf3 Nb5+ 50. Kd3 Rd8+ 51. Ke3 Nd4 52. Bd1
Nf5+ 53. Kf3 Rb8 0-1

[Event "PRVA LIGA CENTRALNE SRBIJE 2014"]
[Site "Kraljevo"]
[Date "2014.09.18"]
[Round "8.3"]
[White "Ivanovic, Dragutin"]
[Black "Pavlovic, Dejan S"]
[Result "0-1"]
[WhiteElo "2339"]
[BlackElo "2407"]
[PlyCount "98"]
[EventDate "2014.09.13"]

1. d4 d5 2. c4 dxc4 3. Nf3 Nf6 4. e3 e6 5. Bxc4 a6 6. O-O c5 7. Qe2 Nc6 8. dxc5
Bxc5 9. a3 Qc7 10. b4 Bd6 11. Bb2 Ng4 12. h3 Nge5 13. Nbd2 O-O 14. Rac1 Bd7 15.
Bb3 Nxf3+ 16. Nxf3 Rad8 17. e4 Bf4 18. Rc2 Qb8 19. e5 Ne7 20. Qe4 Ng6 21. g3
Bh6 22. Re1 Bc6 23. Rxc6 bxc6 24. Bc2 Rd5 25. h4 Rfd8 26. g4 Bd2 27. h5 Nf8 28.
Nxd2 Rxd2 29. Bc3 R2d5 30. Re3 Qc7 31. Bb3 c5 32. bxc5 Rxc5 33. Bb4 Rc1+ 34.
Kg2 Qc6 35. Qxc6 Rxc6 36. f4 h6 37. f5 Rd4 38. Kf3 Nh7 39. Bd6 Ng5+ 40. Ke2
Rxg4 41. fxe6 Nxe6 42. Kf2 Nd4 43. Bd5 Rc2+ 44. Kf1 Rh4 45. Rd3 Rf4+ 46. Kg1
Ne2+ 47. Kh1 Rh4+ 48. Kg2 Nf4+ 49. Kg3 Rh3+ 0-1